000 01738nam a2200481 a 4500
005 20191224041623.0
008 140303s1996 ck fr|||| 00| 0 spa d
020 _a958683011x
040 _aCO-BoIAVH
_cCO-BoIAVH
041 0 _aspa
044 _ack
082 0 4 _a372.357
_bA11m
100 1 _aAbad, Victoria
245 1 0 _aMemorias ambientales de las provincias de Norte y Gutiérrez, departamento de Boyacá :
_bcompilación de artículos del proyecto Chicamocha (1990-1996) /
_cPontificia Universidad Javeriana, Unión Europea
260 _aBogotá :
_bIDEADE,
_c1996.
300 _a307 páginas ;
_c28 x 22 cm.
650 6 _aUso del paisaje
650 6 _aSistemas de producción agropecuarios
650 6 _aPáramo
650 6 _aAgroecosistemas
650 6 _aDegradación ambiental
650 6 _aComunidades campesinas
650 6 _aPlan de acción ambiental
650 6 _aRecursos genéticos
650 6 _aProductos maderables
650 6 _aConocimiento tradicional
650 6 _aComercialización
662 _aColombia
_cRío Chicamocha
_bSantander
700 1 _aRojas, Alberto
700 1 _aSarmiento, Armando
700 1 _aSerrano, Pilar
700 1 _aCárdenas, Juan Camilo
700 1 _aMesa, Gregorio
700 1 _aCordero Péres, Hernando
700 1 _aFarah Quijano, María Adelaida
700 1 _aCárdenas, Felipe
700 1 _aDevia, Carlos
700 1 _aGaviria, Juan G.
700 1 _aGonzález, Francisco
700 1 _aEtter R. Andrés
700 1 _aBaptiste-Ballera, Luis Guillermo
942 _cLIBRO
_2ddc
999 _c2101
_d2101